Spot the difference (Record no. 80732)

MARC details
000 -LEADER
fixed length control field 01065cab a22002175a 4500
001 - CONTROL NUMBER
control field L145218
008 - FIXED-LENGTH DATA ELEMENTS--GENERAL INFORMATION
fixed length control field 080916e20080912xxkadeof s 000 0 eng d
035 ## - SYSTEM CONTROL NUMBER
System control number (Sirsi) u145218
041 0# - LANGUAGE CODE
Language code of text/sound track or separate title eng
100 1# - MAIN ENTRY--PERSONAL NAME
Personal name Lane, Thomas
245 00 - TITLE STATEMENT
Title Spot the difference
260 ## - PUBLICATION, DISTRIBUTION, ETC.
Date of publication, distribution, etc. 2008
490 ## - SERIES STATEMENT
Series statement Building
Volume/sequential designation 273(8546) 12 September 2008, 86-88(3)
520 ## - SUMMARY, ETC.
Summary, etc. Presents an experience where an old Victorian house was made more energy efficient than most modern new built houses. Explains the steps taken and techniques used to achieve a 90% reduction on carbon emissions. Shows that as a result this house should reach the level four of the Code for Sustainable Homes for a total refurbishment cost of £340,000. Sums up in a chart the costs and benefits of the renewable technologies used and gives plans of roof and window details.
590 ## - LOCAL NOTE (RLIN)
Local note KA
650 24 - SUBJECT ADDED ENTRY--TOPICAL TERM
Topical term or geographic name entry element DCLG CODE FOR SUSTAINABLE HOMES
650 24 - SUBJECT ADDED ENTRY--TOPICAL TERM
Topical term or geographic name entry element STANDARD ASSESSMENT PROCEDURE (2005 EDITION)
651 #4 - SUBJECT ADDED ENTRY--GEOGRAPHIC NAME
Geographic name England and Wales
Chronological subdivision 1543-
690 ## - LOCAL SUBJECT ADDED ENTRY--TOPICAL TERM (OCLC, RLIN)
Topical term or geographic name as entry element BUILT ENVIRONMENT-SUSTAINABLE CONSTRUCTION
942 ## - ADDED ENTRY ELEMENTS (KOHA)
Suppress in OPAC 0
Holdings
Withdrawn status Lost status Source of classification or shelving scheme Damaged status Not for loan Home library Current library Shelving location Date acquired Total Checkouts Full call number Barcode Date last seen Copy number Price effective from Koha item type
    Dewey Decimal Classification     London London Journal article 16/09/2008   L145218 145218-1001 06/08/2019 1 06/08/2019 Journal article